00734cam a22002171 45000010005000000030008000050050017000130080041000300350018000710350019000890400041001080410008001490820015001571000034001722450133002062600028003393000030003675040030003976500044004276510045004715895BD-RjUL20211208234141.0140108s1966 enka b 001 0 eng d a(BD-RjUL)5934 a(OCoLC)3216915 aDLCcPrSW-IdUkdDLCd(BD-RjUL)beng aeng00a351.6bSYB1 aSymonds, Richard,d1918-2006.14aThe British and their successors:ba study in the development of the government services in the new states /.cSymonds, Richard, aLondon :bFaber,c1966. a287 p. :btable ;c23 cm. aBibliography: p. 266-280. 0aCivil servicezGreat BritainxColonies. 0aGreat BritainxColoniesxAdministration.